000 00504nam a22001817a 4500
005 20251108164129.0
008 250721s1985 xx 000 0 ara d
082 1 4 _a811.9611/تون
100 1 _aبيرم التونسي، محمد محمود
245 1 0 _aأشعار بيرم التونسي /
250 _aط2.
264 1 _aالقاهرة :
_bمكتبة مدبولي،
_c1985.
300 _a346ص
650 1 7 _aالشعر العربي
650 1 7 _aتونس
942 _2ddc
_cBK
999 _c4408
_d4408